| 000 | 00553nam a22001817a 4500 | ||
|---|---|---|---|
| 999 |
_c18527 _d18527 |
||
| 003 | BDDh-ASL | ||
| 005 | 20231015025719.0 | ||
| 008 | 201012n1931 e ||||| |||| 00| 0 eng d | ||
| 040 |
_aBDDh-ASL _cBDDh-ASL |
||
| 082 |
_a954 _bSYF |
||
| 100 | 1 |
_91356 _aCombe, Sydenham of _cLord |
|
| 245 | 1 | 4 | _aThe Federation of India: A Dangerous Illusion: |
| 260 |
_aLondon: _bAlfred Place, _c1931? |
||
| 300 |
_a16 p. : _c22 cm. |
||
| 490 |
_aThe Indian Empire Society _vNo. 11 |
||
| 650 | 0 |
_9960 _aIndian History _xPolitics and Government _zIndia |
|
| 942 |
_2ddc _cBK |
||